Protein shakes for the brain , 90 games and exercises to work your mind's muscle to the max (Record no. 576231)
[ view plain ]
| 000 -LEADER | |
|---|---|
| fixed length control field | 00605nam a22001817a 4500 |
| 003 - CONTROL NUMBER IDENTIFIER | |
| control field | CEME |
| 005 - DATE AND TIME OF LATEST TRANSACTION | |
| control field | 20210628204113.0 |
| 008 - FIXED-LENGTH DATA ELEMENTS--GENERAL INFORMATION | |
| fixed length control field | 210111b xxu||||| |||| 00| 0 eng d |
| 020 ## - INTERNATIONAL STANDARD BOOK NUMBER | |
| International Standard Book Number | 9780171628365 |
| 040 ## - CATALOGING SOURCE | |
| Transcribing agency | ceme |
| 082 ## - DEWEY DECIMAL CLASSIFICATION NUMBER | |
| Classification number | 793.73 NOI |
| 100 ## - MAIN ENTRY--PERSONAL NAME | |
| Personal name | Noir, Michel , Croisile, Bernard |
| 9 (RLIN) | 68757 |
| 245 ## - TITLE STATEMENT | |
| Title | Protein shakes for the brain , 90 games and exercises to work your mind's muscle to the max |
| 260 ## - PUBLICATION, DISTRIBUTION, ETC. | |
| Place of publication, distribution, etc. | NEW YORK |
| Name of publisher, distributor, etc. | MCGRAW HILL |
| Date of publication, distribution, etc. | 2009 |
| 300 ## - PHYSICAL DESCRIPTION | |
| Extent | VIII,133P |
| 650 ## - SUBJECT ADDED ENTRY--TOPICAL TERM | |
| Topical term or geographic name entry element | PROTEIN SHAKES FOR THE BRAIN.90 GAMES AND EXERCISES TO WORK YOUR MIND'S MUSCLE TO THE MAX |
| 9 (RLIN) | 68758 |
| 942 ## - ADDED ENTRY ELEMENTS (KOHA) | |
| Koha item type | Book |
| Source of classification or shelving scheme | |
| Withdrawn status | Lost status | Damaged status | Not for loan | Permanent Location | Current Location | Shelving location | Date acquired | Total Checkouts | Full call number | Barcode | Date last seen | Price effective from | Koha item type |
|---|---|---|---|---|---|---|---|---|---|---|---|---|---|
| College of Electrical & Mechanical Engineering (CEME) | College of Electrical & Mechanical Engineering (CEME) | General Stacks | 08/02/2017 | 793.73 NOI | CEME-46663 | 06/28/2021 | 06/28/2021 | Book |
